Solve the Secret JetPunk Quiz by Answering Questions - Statistics

General Stats
  • This quiz has been taken 2,663 times
  • The average score is 10 of 20
Answer Stats
Question Answer % Correct
What is the capital of Japan? Tokyo
99%
What do we call the wife of a king? a {Queen}
98%
What is the last country alphabetically? Zimbabwe
87%
What is a cell phone also known as? a {Mobile} phone
82%
What playing card may be ranked lowest or highest, depending on the game? Ace
81%
What are Japan, the United Kingdom, and New Zealand? {Island} countries
74%
Which two points on Earth have a latitude of 90°? the {Poles}
71%
What country was formerly called Swaziland? ("Swaziland" will not work for this question) Eswatini
67%
What do we call the repetition of the same consonant sound in two consecutive words? Alliteration
54%
What is the name of this Greek letter: Σ Sigma
54%
Fill in the blank: 101 ______ Dalmatians
51%
What is a tertiary institution better known as? a {University}
35%
In mathematics, what is the opposite of differentiation? Integration
31%
What is the 16th element in the Periodic Table? Sulfur
30%
If 2 is di, 3 is tri, then what is 4? Tetra
29%
What rating system is used by FIDE to measure players' chess ability? {Elo} rating system
26%
What do we call a vector with a modulus of 1? {Unit} vector
19%
Which YouTuber famously has one of their videos' view count stuck at 301? Numberphile
7%
The Islamic calendar is based on observations, but it does have an arithmetic rule-based version. What is it? {Tabular} Islamic calendar
6%
Secret Quiz {UNITED} {STATES} {MAP} {QUIZ}
2%
No matching quizzes found
Score Distribution
Percent of People with Each Score
Percentile by Number Answered
Your Score History
You have not taken this quiz